[Event "IX Floripa Chess Open Fort Atacadista"]
[Site "Florianópolis - Santa Catari"]
[Date "2023.01.27"]
[Round "7.149"]
[White "Calcada, Henrique Galvan"]
[Black "Mendonca, Erico"]
[Result "1-0"]
[WhiteElo "1469"]
[BlackElo "1756"]
[PlyCount "59"]
[EventDate "2023.01.23"]
[EventRounds "10"]
[EventCountry "BRA"]

1. Nf3 d5 2. c4 c6 3. e3 e6 4. b3 f5 5. Bb2 Nf6 6. Be2 Bd6 7. Qc2 O-O 8. Nc3
Nbd7 9. O-O Ne4 10. d3 Ng5 11. Nxg5 Qxg5 12. f4 Qe7 13. Rf3 Nf6 14. Re1 Qc7 15.
Bd1 Bd7 16. g3 Rac8 17. Nb1 Qa5 18. Bc3 Qd8 19. Nd2 b5 20. c5 Bc7 21. e4 a5 22.
Bb2 Be8 23. exf5 exf5 24. Bd4 Bh5 25. Rfe3 Bxd1 26. Qxd1 Rb8 27. Nf3 h6 28. Nh4
Ng4 29. Re7 Kh7 30. Rxg7+ 1-0

[Event "IX Floripa Chess Open Fort Atacadista"]
[Site "Florianópolis - Santa Catari"]
[Date "2023.01.27"]
[Round "7.150"]
[White "De Oliveira, Jairo Quintiliano"]
[Black "Zottis, Pietro"]
[Result "1-0"]
[WhiteElo "1745"]
[BlackElo "1316"]
[PlyCount "109"]
[EventDate "2023.01.23"]
[EventRounds "10"]
[EventCountry "BRA"]

1. e4 c6 2. d3 d5 3. Nd2 e5 4. Ngf3 Bd6 5. g3 Nf6 6. Bg2 O-O 7. O-O Re8 8. b3
Nbd7 9. Bb2 Nf8 10. Re1 Ng6 11. h3 h6 12. Nf1 Bd7 13. N3d2 Qb6 14. Qe2 Bc5 15.
a3 a5 16. Ne3 d4 17. Nf5 Qc7 18. Qf3 Qd8 19. Bc1 b5 20. Nf1 Bf8 21. Bd2 c5 22.
h4 Ra6 23. h5 Ne7 24. g4 Nxf5 25. exf5 Nh7 26. Qg3 Bd6 27. f4 exf4 28. Bxf4
Bxf4 29. Qxf4 Ng5 30. Re5 Rxe5 31. Qxe5 Bc6 32. Nd2 Bxg2 33. Kxg2 Qa8+ 34. Kg3
Qc6 35. Re1 Ra8 36. Ne4 Re8 37. Nf6+ Qxf6 38. Qxf6 Rxe1 39. Qd8+ Kh7 40. Qxa5
Re3+ 41. Kg2 Re2+ 42. Kf1 Rxc2 43. Qxb5 Nf3 44. a4 Nh2+ 45. Ke1 Nf3+ 46. Kd1
Rd2+ 47. Kc1 Rh2 48. a5 Rh1+ 49. Kb2 Rh2+ 50. Ka3 Rc2 51. Qc6 Nd2 52. Ka4 Nb1
53. Kb5 Na3+ 54. Kb6 Rc3 55. Qe4 1-0

[Event "IX Floripa Chess Open Fort Atacadista"]
[Site "Florianópolis - Santa Catari"]
[Date "2023.01.27"]
[Round "7.151"]
[White "Arndt, Claudio Felipe"]
[Black "Feller, Isadora Cristina Vi"]
[Result "1/2-1/2"]
[WhiteElo "1744"]
[BlackElo "1310"]
[PlyCount "85"]
[EventDate "2023.01.23"]
[EventRounds "10"]
[EventCountry "BRA"]

1. e4 e5 2. Nf3 Nc6 3. Bc4 Bc5 4. d3 Nf6 5. c3 O-O 6. a4 a5 7. Na3 d5 8. exd5
Nxd5 9. h3 Bf5 10. O-O Nf6 11. Bg5 h6 12. Bh4 e4 13. dxe4 Qxd1 14. Raxd1 Nxe4
15. Bd5 g5 16. Bxe4 Bxe4 17. Bg3 Rac8 18. Rd7 Bb6 19. Nc4 Nd8 20. Nxb6 cxb6 21.
Nd4 Nc6 22. Re1 Nxd4 23. Rxe4 Nf5 24. Rxb7 Nxg3 25. fxg3 Rc6 26. g4 Kg7 27. Rd7
Kg6 28. Ree7 Re6 29. b4 axb4 30. cxb4 Rc8 31. Rd2 Rc1+ 32. Kh2 Ra1 33. Ra7 b5
34. a5 Re4 35. Rb2 Ra4 36. a6 Rexb4 37. Rd2 Rd4 38. Rxd4 Rxd4 39. Ra8 Kg7 40.
a7 Ra4 41. Kg3 Ra3+ 42. Kf2 b4 43. Rb8 1/2-1/2

[Event "IX Floripa Chess Open Fort Atacadista"]
[Site "Florianópolis - Santa Catari"]
[Date "2023.01.27"]
[Round "7.152"]
[White "Matos, Alexandre De"]
[Black "Predebon, Eduardo Angonesi"]
[Result "1-0"]
[WhiteElo "1871"]
[BlackElo "1740"]
[PlyCount "65"]
[EventDate "2023.01.23"]
[EventRounds "10"]
[EventCountry "BRA"]

1. e4 c5 2. Nf3 d6 3. d4 cxd4 4. Nxd4 Nf6 5. Nc3 a6 6. Bg5 e6 7. f4 Be7 8. Qf3
Nbd7 9. O-O-O Qc7 10. g4 e5 11. Nf5 Bf8 12. Bxf6 gxf6 13. Nd5 Qa5 14. Bc4 b5
15. Bb3 Bb7 16. Qc3 Qxc3 17. Nxc3 b4 18. Nd5 Bxd5 19. Bxd5 Rb8 20. Bc6 Rb6 21.
Nxd6+ Bxd6 22. Rxd6 Rxc6 23. Rxc6 O-O 24. f5 a5 25. Rd1 Nb8 26. Rxf6 Rc8 27.
Rdd6 Kg7 28. g5 Rc7 29. h4 Nd7 30. Rc6 Rb7 31. Rfd6 a4 32. h5 Kf8 33. f6 1-0

[Event "IX Floripa Chess Open Fort Atacadista"]
[Site "Florianópolis - Santa Catari"]
[Date "2023.01.27"]
[Round "7.153"]
[White "Brito, Nicolas Neres"]
[Black "Parijos De Melo, Luiz Claudio"]
[Result "0-1"]
[WhiteElo "1426"]
[BlackElo "1737"]
[PlyCount "38"]
[EventDate "2023.01.23"]
[EventRounds "10"]
[EventCountry "BRA"]

1. e4 c5 2. Nf3 e6 3. d4 cxd4 4. Nxd4 Nf6 5. Nc3 Nc6 6. Ndb5 Bb4 7. Bf4 e5 8.
Bg5 O-O 9. a3 Be7 10. Nd6 Nd4 11. Nc4 Nxe4 12. Bxe7 Qxe7 13. Nxe4 d5 14. Nc3
dxc4 15. Bxc4 Bf5 16. Bd3 e4 17. Be2 Rfd8 18. Qc1 Rac8 19. Rg1 Rxc3 0-1

[Event "IX Floripa Chess Open Fort Atacadista"]
[Site "Florianópolis - Santa Catari"]
[Date "2023.01.27"]
[Round "7.154"]
[White "De Sousa, Paulo Goncalves"]
[Black "Sanchez, Ivan Roberto"]
[Result "1/2-1/2"]
[WhiteElo "1800"]
[BlackElo "1731"]
[PlyCount "93"]
[EventDate "2023.01.23"]
[EventRounds "10"]
[EventCountry "BRA"]

1. e4 c5 2. c3 d6 3. d4 cxd4 4. cxd4 Nf6 5. Nc3 e6 6. Nf3 Be7 7. Bd3 a6 8. O-O
O-O 9. Re1 Nbd7 10. e5 Ne8 11. h4 Bxh4 12. Nxh4 Qxh4 13. g3 Qe7 14. Bxh7+ Kxh7
15. Qh5+ Kg8 16. Kg2 g6 17. Qh3 f5 18. Rh1 Qg7 19. Bh6 Qh7 20. Bxf8 Qxh3+ 21.
Rxh3 Nxf8 22. Rah1 b5 23. f3 Bb7 24. Kf2 Rc8 25. a3 Rc7 26. Rg1 Rh7 27. Rxh7
Kxh7 28. g4 Nd7 29. gxf5 gxf5 30. f4 dxe5 31. fxe5 Nb6 32. b3 Ng7 33. Rc1 Kh6
34. Nd1 Bd5 35. Ne3 Bxb3 36. Rc6 Nc4 37. Nxc4 Bxc4 38. Rxa6 Kg5 39. Ra8 Kf4 40.
Rg8 Nh5 41. Rh8 Ke4 42. Rxh5 Kxd4 43. Rh4+ Kc3 44. Ke3 Kb3 45. Kd4 Kxa3 46. Kc5
Kb3 47. Rf4 1/2-1/2

[Event "IX Floripa Chess Open Fort Atacadista"]
[Site "Florianópolis - Santa Catari"]
[Date "2023.01.27"]
[Round "7.155"]
[White "Montiel Caceres, Helen"]
[Black "Flesch, Lucas Henrique Ye"]
[Result "1/2-1/2"]
[WhiteElo "1723"]
[BlackElo "1306"]
[PlyCount "72"]
[EventDate "2023.01.23"]
[EventRounds "10"]
[EventCountry "BRA"]

1. d4 d5 2. c4 e6 3. Nc3 Nf6 4. cxd5 exd5 5. Bg5 Be7 6. e3 h6 7. Bh4 O-O 8. Bd3
Nbd7 9. Nge2 Re8 10. O-O c6 11. Qb3 Ne4 12. Bxe7 Qxe7 13. Nxe4 dxe4 14. Bc2 Nf6
15. Rfd1 Be6 16. Qc3 Nd5 17. Qd2 Bg4 18. h3 Bh5 19. Rdc1 Qb4 20. Qxb4 Nxb4 21.
Ng3 Bg6 22. a3 Nxc2 23. Rxc2 Rac8 24. Rac1 Rc7 25. b4 a6 26. a4 Rd7 27. Rc5
Ree7 28. R1c2 f6 29. b5 axb5 30. axb5 cxb5 31. Rxb5 Rc7 32. Rcb2 Bf7 33. Rb6
Bc4 34. Rb1 Bd3 35. Rd1 Rc6 36. Rxc6 bxc6 1/2-1/2

[Event "IX Floripa Chess Open Fort Atacadista"]
[Site "Florianópolis - Santa Catari"]
[Date "2023.01.27"]
[Round "7.156"]
[White "Kawamoto, Victor Misao Buriti"]
[Black "Costa, Paulo Sergio"]
[Result "0-1"]
[WhiteElo "1800"]
[BlackElo "1721"]
[PlyCount "78"]
[EventDate "2023.01.23"]
[EventRounds "10"]
[EventCountry "BRA"]

1. e4 c5 2. c3 d6 3. d4 cxd4 4. cxd4 g6 5. Nf3 Bg7 6. Bc4 e6 7. Nc3 Ne7 8. O-O
O-O 9. Bg5 f6 10. Be3 d5 11. exd5 exd5 12. Bb3 Nbc6 13. Ne1 Na5 14. Nd3 Nxb3
15. Qxb3 b6 16. Nf4 Kh8 17. Ncxd5 Nf5 18. Rfd1 g5 19. Ne2 Be6 20. Nec3 Ne7 21.
Rac1 Nxd5 22. Nxd5 Qxd5 23. Qxd5 Bxd5 24. Rc7 Rfc8 25. Re7 Bf8 26. Rd7 Be6 27.
Rb7 Bd6 28. d5 Bf5 29. Rf7 Rf8 30. Rxf8+ Rxf8 31. h3 h5 32. Re1 Rc8 33. Bd4 Kg7
34. Bc3 Kf7 35. f3 h4 36. Kh1 Rc7 37. Kg1 Re7 38. Rc1 a5 39. Bd2 Re2 0-1

[Event "IX Floripa Chess Open Fort Atacadista"]
[Site "Florianópolis - Santa Catari"]
[Date "2023.01.27"]
[Round "7.157"]
[White "Carlos, Roberta Souto"]
[Black "Ramazzotte, Esther Zilli"]
[Result "1-0"]
[WhiteElo "1698"]
[BlackElo "1291"]
[PlyCount "51"]
[EventDate "2023.01.23"]
[EventRounds "10"]
[EventCountry "BRA"]

1. e4 c6 2. c4 d5 3. cxd5 cxd5 4. exd5 Nf6 5. Nc3 Nxd5 6. Bc4 Nf6 7. Nf3 e6 8.
O-O Be7 9. d4 O-O 10. Qd3 Nc6 11. a3 Qd7 12. Rd1 b6 13. Bb3 Bb7 14. Bc2 Rfd8
15. Bg5 g6 16. Ne5 Qc8 17. Qe3 Nd5 18. Nxd5 Bxg5 19. Qxg5 Rxd5 20. Rac1 Rxd4
21. Nxc6 Rxd1+ 22. Bxd1 Bxc6 23. Bf3 Qa6 24. Rxc6 Re8 25. h3 Qd3 26. Qf6 1-0

[Event "IX Floripa Chess Open Fort Atacadista"]
[Site "Florianópolis - Santa Catari"]
[Date "2023.01.27"]
[Round "7.158"]
[White "Franca Junior, Jairo"]
[Black "Ramos, Rafael Cabreira"]
[Result "1-0"]
[WhiteElo "1696"]
[BlackElo "1161"]
[PlyCount "101"]
[EventDate "2023.01.23"]
[EventRounds "10"]
[EventCountry "BRA"]

1. d4 f5 2. c4 e6 3. Nf3 d5 4. Nc3 c6 5. Bf4 Nf6 6. e3 Bd6 7. Bxd6 Qxd6 8. Rc1
O-O 9. Bd3 Ne4 10. O-O Bd7 11. Ne5 Be8 12. f3 Nf6 13. c5 Qc7 14. b4 Nbd7 15. f4
Bh5 16. Qe1 Nxe5 17. fxe5 Ne4 18. a4 Nxc3 19. Rxc3 a6 20. Qh4 Be8 21. Rb1 Qf7
22. Be2 Qg6 23. Rcb3 Qf7 24. Qf4 Qc7 25. h3 Rb8 26. Kh2 b5 27. cxb6 Qxb6 28.
Qf1 Ra8 29. Qc1 Ra7 30. Qc5 Qxc5 31. bxc5 a5 32. Rb6 Rff7 33. g3 Rfe7 34. Kg2
Kf7 35. h4 g6 36. Kf3 Kg7 37. Kf4 Rec7 38. g4 Rf7 39. Kg3 Rfe7 40. gxf5 gxf5
41. Kf4 h6 42. Rb8 Bd7 43. Rg1+ Kh7 44. Bh5 Rg7 45. Rgb1 Rc7 46. Ra8 Rc8 47.
Ra7 Rg2 48. Rxd7+ Kh8 49. e4 dxe4 50. Rbb7 Rf2+ 51. Ke3 1-0

[Event "IX Floripa Chess Open Fort Atacadista"]
[Site "Florianópolis - Santa Catari"]
[Date "2023.01.27"]
[Round "7.159"]
[White "Moreira, Paulo Vinicius Mace"]
[Black "Felix, Joao Eduardo Orland"]
[Result "0-1"]
[WhiteElo "1800"]
[BlackElo "1693"]
[PlyCount "100"]
[EventDate "2023.01.23"]
[EventRounds "10"]
[EventCountry "BRA"]

1. d4 Nf6 2. c4 e6 3. Nf3 d5 4. g3 c6 5. Bg2 dxc4 6. Ne5 Nbd7 7. Nxc4 Nb6 8.
Ne5 Bb4+ 9. Nc3 Nbd5 10. Bd2 O-O 11. O-O Be7 12. e4 Nb6 13. Bg5 h6 14. Be3 Nfd7
15. Nd3 Nc4 16. Qe2 e5 17. d5 cxd5 18. Nxd5 Nxe3 19. Qxe3 Bd6 20. Rfd1 Nb8 21.
Rac1 Nc6 22. f4 Bg4 23. Rd2 Rc8 24. f5 f6 25. Rdc2 Rb8 26. h3 Bh5 27. g4 Bf7
28. h4 Nd4 29. Rc3 Bxd5 30. exd5 Qb6 31. Kh1 Rbe8 32. Be4 Qd8 33. Nc5 Bxc5 34.
Rxc5 Qd6 35. Rc7 Re7 36. R7c4 a6 37. Qd2 Rd7 38. Qa5 Ne2 39. Rd1 Ng3+ 40. Kg2
Nxe4 41. Rxe4 Rc7 42. Qb4 Rd8 43. Kf3 Kf7 44. Qb3 b5 45. a4 Rc5 46. Rb4 bxa4
47. Rxa4 Kf8 48. Qb7 a5 49. b4 e4+ 50. Ke3 Qg3+ 0-1

[Event "IX Floripa Chess Open Fort Atacadista"]
[Site "Florianópolis - Santa Catari"]
[Date "2023.01.27"]
[Round "7.160"]
[White "Campagnolo, Fabiola"]
[Black "Da Silva, Miguel Michels"]
[Result "0-1"]
[WhiteElo "1682"]
[BlackElo "1156"]
[PlyCount "69"]
[EventDate "2023.01.23"]
[EventRounds "10"]
[EventCountry "BRA"]

1. d4 d5 2. e3 Nf6 3. Bd3 e6 4. f4 c5 5. c3 Nc6 6. Nf3 Be7 7. O-O Ne4 8. Ne5
O-O 9. Rf3 f5 10. Rh3 Nxe5 11. dxe5 Qe8 12. Nd2 Bd7 13. Nf3 a6 14. a4 Qd8 15.
Bd2 Be8 16. Ne1 b5 17. Bxe4 dxe4 18. axb5 axb5 19. Rxa8 Qxa8 20. Qb3 Qd5 21.
Qxd5 exd5 22. Kf2 Bd7 23. Ke2 Ra8 24. Kd1 Ra1+ 25. Kc2 b4 26. Bc1 Ba4+ 27. b3
Ra2+ 28. Bb2 bxc3 29. bxa4 cxb2 30. Kb1 Ra1+ 31. Kxb2 Rxe1 32. a5 c4 33. g4
Re2+ 34. Kb1 c3 35. Rg3 0-1

[Event "IX Floripa Chess Open Fort Atacadista"]
[Site "Florianópolis - Santa Catari"]
[Date "2023.01.27"]
[Round "7.191"]
[White "Ramos, Fernanda Cabreira"]
[Black "Campagnolo, Bruna"]
[Result "0-1"]
[WhiteElo "1136"]
[BlackElo "1607"]
[PlyCount "39"]
[EventDate "2023.01.23"]
[EventRounds "10"]
[EventCountry "BRA"]

1. d4 d5 2. Nf3 Nf6 3. g3 g6 4. Bg2 Bg7 5. O-O O-O 6. b3 c6 7. Bb2 Bf5 8. Nbd2
Ne4 9. c4 Nd7 10. Re1 Nxd2 11. Nxd2 Nf6 12. Rc1 Qd7 13. Nf3 Ne4 14. cxd5 cxd5
15. Ne5 Qd6 16. Ra1 Rac8 17. a4 Rfe8 18. Ba3 Qb6 19. Bb2 Bxe5 20. dxe5 (20.
Bxe4 Bxe4 21. dxe5 Rc2 22. Rb1 Rec8 23. Bd4 Qb4 24. Be3 Ra2 25. Rc1 Rxc1 26.
Bxc1 Bc2 27. Qd2 Qxd2 28. Bxd2 Bxb3 29. Bh6 Bxa4 30. Rb1 b5 31. Rc1 Rc2 32. Re1
a5 33. e4 d4 34. Rd1 Rc4 35. Rd3 Bc2 36. Ra3 a4 37. Bd2 b4 38. Rf3 b3 39. e6 f6
40. e5 f5 41. Bc1 Be4) 0-1

[Event "IX Floripa Chess Open Fort Atacadista"]
[Site "Florianópolis - Santa Catari"]
[Date "2023.01.27"]
[Round "7.193"]
[White "Mauro, Roberto Da Silva"]
[Black "De Souza, Joao Francisco Biz"]
[Result "1-0"]
[WhiteElo "1590"]
[BlackElo "1249"]
[PlyCount "91"]
[EventDate "2023.01.23"]
[EventRounds "10"]
[EventCountry "BRA"]

1. e4 g6 2. d4 Bg7 3. Nf3 e6 4. Bg5 Ne7 5. c3 d5 6. Bd3 Nd7 7. Nbd2 Nb6 8. e5
a6 9. a4 c5 10. a5 Nd7 11. Qa4 O-O 12. Qa3 Re8 13. O-O Qc7 14. Bxe7 Rxe7 15.
Nb3 Bf8 16. Nxc5 Re8 17. b4 Bh6 18. h4 Qd8 19. Qa4 f6 20. h5 fxe5 21. Nxe5 Nxe5
22. dxe5 Rf8 23. hxg6 Bf4 24. gxh7+ Kh8 25. g3 Qg5 26. Ra2 Bxe5 27. Rc2 d4 28.
cxd4 Bxd4 29. Ne4 Qg7 30. Rc4 Bd7 31. Qc2 Bc6 32. Rxc6 bxc6 33. Kg2 Qb7 34. Qc4
e5 35. Nd6 Qd7 36. Ne4 Qd5 37. Qc2 Rab8 38. Bc4 Qd7 39. Qd2 Qe7 40. Qh6 Rb7 41.
Qxc6 Rxb4 42. Bd3 Rb3 43. Bc4 Rbf3 44. Qd5 Qg7 45. Qg8+ Rxg8 46. hxg8=Q+ 1-0

[Event "IX Floripa Chess Open Fort Atacadista"]
[Site "Florianópolis - Santa Catari"]
[Date "2023.01.27"]
[Round "7.194"]
[White "Barbosa, Rafael Santos"]
[Black "Melo, Sergio Roberto Samp"]
[Result "1-0"]
[WhiteElo "1816"]
[BlackElo "1580"]
[PlyCount "49"]
[EventDate "2023.01.23"]
[EventRounds "10"]
[EventCountry "BRA"]

1. d4 Nf6 2. c4 e5 3. dxe5 Ng4 4. Nf3 Nc6 5. Bg5 Be7 6. Bxe7 Qxe7 7. Nc3 Ngxe5
8. Nd5 Nxf3+ 9. gxf3 Qd8 10. Rg1 O-O 11. Qd2 d6 12. O-O-O Ne5 13. Qc3 Ng6 14.
f4 f6 15. Qg3 c6 16. Nc3 f5 17. e3 Qf6 18. Bd3 a5 19. Qg5 Be6 20. h4 Nxh4 21.
Qg3 Ng6 22. Ne2 a4 23. a3 Qf7 24. Nd4 Ne7 25. Nxe6 1-0

[Event "IX Floripa Chess Open Fort Atacadista"]
[Site "Florianópolis - Santa Catari"]
[Date "2023.01.27"]
[Round "7.195"]
[White "Miranda, Bianca"]
[Black "Lima Miranda, Caio Cesar"]
[Result "1/2-1/2"]
[WhiteElo "1800"]
[BlackElo "1579"]
[PlyCount "81"]
[EventDate "2023.01.23"]
[EventRounds "10"]
[EventCountry "BRA"]

1. e4 c6 2. Nf3 d5 3. Nc3 Bg4 4. h3 Bxf3 5. Qxf3 e6 6. d4 dxe4 7. Qxe4 Nf6 8.
Qd3 Qc7 9. Bg5 Nbd7 10. Be2 Be7 11. O-O O-O 12. Bh4 Rad8 13. Ne4 Qf4 14. Nxf6+
Nxf6 15. Bg3 Qxd4 16. Qxd4 Rxd4 17. Rad1 Rxd1 18. Rxd1 Ne4 19. Rd7 Bc5 20. Kf1
Nxg3+ 21. fxg3 Rb8 22. Bf3 Kf8 23. c3 Ke8 24. Rxb7 Rxb7 25. Bxc6+ Rd7 26. b4
Bd6 27. g4 Ke7 28. Bxd7 Kxd7 29. Ke2 Kc6 30. a4 Kb6 31. Kd3 e5 32. Kc4 a5 33.
b5 e4 34. Kd4 Be5+ 35. Kxe4 Bxc3 36. Kd5 Bb4 37. h4 Be7 38. h5 h6 39. Kc4 Bb4
40. Kd5 Kc7 41. Ke5 1/2-1/2

[Event "IX Floripa Chess Open Fort Atacadista"]
[Site "Florianópolis - Santa Catari"]
[Date "2023.01.27"]
[Round "7.196"]
[White "Carneiro, Claudionor Chaves"]
[Black "Toffoli, Vanessa"]
[Result "1/2-1/2"]
[WhiteElo "1577"]
[BlackElo "1202"]
[PlyCount "77"]
[EventDate "2023.01.23"]
[EventRounds "10"]
[EventCountry "BRA"]

1. Nf3 Nf6 2. d4 g6 3. e3 Bg7 4. Bd3 d6 5. O-O O-O 6. b3 Nbd7 7. Bb2 Ne8 8.
Nbd2 e5 9. d5 f5 10. e4 Nc5 11. b4 fxe4 12. Bxe4 Nxe4 13. Nxe4 Bg4 14. a4 Bxf3
15. gxf3 Kh8 16. Ra3 Nf6 17. Bc1 Nxe4 18. fxe4 c6 19. dxc6 bxc6 20. Rd3 Qh4 21.
f3 a5 22. c3 axb4 23. cxb4 d5 24. exd5 Qxb4 25. Ba3 Qb6+ 26. Kh1 Rfd8 27. dxc6
Rxd3 28. Qxd3 Qxc6 29. a5 Qa4 30. Bb2 Qxa5 31. Ra1 Qd8 32. Qxd8+ Rxd8 33. Re1
Re8 34. f4 e4 35. Be5 Bxe5 36. Rxe4 Rf8 37. fxe5 Kg7 38. Kg2 Kf7 39. Rh4
1/2-1/2

[Event "IX Floripa Chess Open Fort Atacadista"]
[Site "Florianópolis - Santa Catari"]
[Date "2023.01.27"]
[Round "7.197"]
[White "Bashtavenko, Aleksey"]
[Black "Do Nascimento, Carlos Augusto Xa"]
[Result "0-1"]
[WhiteElo "1569"]
[BlackElo "1895"]
[PlyCount "84"]
[EventDate "2023.01.23"]
[EventRounds "10"]
[EventCountry "BRA"]

1. d4 d6 2. Nf3 Nd7 3. c4 c5 4. Nc3 e6 5. e4 Be7 6. Be2 Ngf6 7. O-O a6 8. b4
Qc7 9. Rb1 h6 10. h3 b6 11. Be3 Bb7 12. Qc2 e5 13. d5 Nf8 14. bxc5 bxc5 15. Rb2
N8d7 16. Rfb1 Bc8 17. Qa4 O-O 18. Nd2 Rb8 19. Qc6 Bd8 20. Na4 Rxb2 21. Rxb2 Nb8
22. Qa8 Nfd7 23. Bg4 Bg5 24. Bxg5 hxg5 25. Bxd7 Nxd7 26. Qc6 Qa5 27. Kh2 g4 28.
hxg4 Nf6 29. g5 Bd7 30. Qxd6 Ng4+ 31. Kg3 Qxa4 32. Qxc5 Qd1 33. Nf3 Qc1 34. Rd2
Qb1 35. Re2 f5 36. Re1 f4+ 37. Kh4 Qxa2 38. d6 Qxf2+ 39. Qxf2 Nxf2 40. Nxe5 Rd8
41. Nxd7 Rxd7 42. c5 Nd3 0-1

[Event "IX Floripa Chess Open Fort Atacadista"]
[Site "Florianópolis - Santa Catari"]
[Date "2023.01.27"]
[Round "7.198"]
[White "Lora, Miguel Said Brasil"]
[Black "De Bortolo, Paulo Ricardo"]
[Result "1-0"]
[WhiteElo "1566"]
[BlackElo "1800"]
[PlyCount "103"]
[EventDate "2023.01.23"]
[EventRounds "10"]
[EventCountry "BRA"]

1. e4 e6 2. d4 d5 3. exd5 exd5 4. Nf3 Bd6 5. Bd3 Nf6 6. O-O O-O 7. c3 h6 8. Re1
c6 9. Nbd2 Bg4 10. h3 Bh5 11. Qc2 Bxf3 12. Nxf3 Nbd7 13. Ne5 c5 14. Bf4 Qc7 15.
Rac1 b6 16. Bf5 b5 17. Bxd7 Nxd7 18. Qf5 Rad8 19. Nxd7 Rxd7 20. Bxd6 Rxd6 21.
dxc5 Qxc5 22. Rcd1 Rfd8 23. Qd3 Qc4 24. Qxc4 bxc4 25. Rd4 Kf8 26. Kf1 Re8 27.
Red1 Red8 28. f4 f5 29. g4 g6 30. gxf5 gxf5 31. Kf2 Kf7 32. b3 cxb3 33. axb3
Ke6 34. Kg3 Rb8 35. b4 Rc8 36. R4d3 Rc4 37. Ra1 a6 38. Re1+ Re4 39. Rde3 Rc6
40. Rxe4+ dxe4 41. Re3 Kd5 42. Kf2 Kc4 43. Ke2 Rd6 44. Rg3 Rd3 45. Rxd3 exd3+
46. Kd2 h5 47. h4 Kd5 48. Kxd3 Kd6 49. Kd4 Ke6 50. Kc5 Kd7 51. Kb6 Kd6 52. c4
1-0

[Event "IX Floripa Chess Open Fort Atacadista"]
[Site "Florianópolis - Santa Catari"]
[Date "2023.01.27"]
[Round "7.199"]
[White "Silva, Diego Augusto De S."]
[Black "Americano, Lucca Casarini"]
[Result "1/2-1/2"]
[WhiteElo "1715"]
[BlackElo "1563"]
[PlyCount "64"]
[EventDate "2023.01.23"]
[EventRounds "10"]
[EventCountry "BRA"]

1. d4 d5 2. Nf3 Nf6 3. Bf4 e6 4. e3 Nbd7 5. Bd3 c5 6. c3 Be7 7. O-O Nh5 8. Nbd2
Nxf4 9. exf4 Nf6 10. Re1 O-O 11. Nf1 Bd6 12. Qd2 cxd4 13. Nxd4 a6 14. h4 Qc7
15. g3 h5 16. Nh2 e5 17. fxe5 Bxe5 18. Kg2 Re8 19. Nhf3 Bd6 20. Qg5 Bd7 21. Nf5
Bxf5 22. Qxf5 Bc5 23. Rxe8+ Rxe8 24. Re1 Rxe1 25. Nxe1 Qc6 26. Nf3 d4 27. cxd4
Bxd4 28. b3 Qc5 29. Qxc5 Bxc5 30. Ng5 Ne8 31. Be2 g6 32. Bc4 Nd6 1/2-1/2

[Event "IX Floripa Chess Open Fort Atacadista"]
[Site "Florianópolis - Santa Catari"]
[Date "2023.01.27"]
[Round "7.203"]
[White "Bassani, Eduardo"]
[Black "Borba Da Rosa, Rodrigo"]
[Result "1-0"]
[WhiteElo "1912"]
[BlackElo "1304"]
[PlyCount "77"]
[EventDate "2023.01.23"]
[EventRounds "10"]
[EventCountry "BRA"]

1. Nf3 Nf6 2. e3 g6 3. c4 Bg7 4. Nc3 O-O 5. d4 d5 6. cxd5 Nxd5 7. Bc4 Nxc3 8.
bxc3 c5 9. O-O cxd4 10. cxd4 Nc6 11. Rb1 Bf5 12. Rxb7 Na5 13. Rb4 Nxc4 14. Rxc4
Rc8 15. Rxc8 Qxc8 16. Ba3 Qc2 17. Qxc2 Bxc2 18. Bxe7 Rc8 19. Rc1 Bf5 20. Rxc8+
Bxc8 21. Bc5 a6 22. Kf1 f6 23. Ke2 Kf7 24. Kd3 Bd7 25. Nd2 Bb5+ 26. Nc4 f5 27.
Kc3 Ke6 28. f3 Bh6 29. e4 fxe4 30. fxe4 Bg7 31. Kb4 Bf6 32. a4 Bd7 33. d5+ Kf7
34. e5 Bd8 35. Nd6+ Kg7 36. e6 a5+ 37. Kb3 Bxe6 38. dxe6 Kf6 39. Nb7 1-0

[Event "IX Floripa Chess Open Fort Atacadista"]
[Site "Florianópolis - Santa Catari"]
[Date "2023.01.27"]
[Round "7.204"]
[White "Souza Jr, Helemberg Cubica De"]
[Black "Bieging, Luca Jurgen"]
[Result "1-0"]
[WhiteElo "1720"]
[BlackElo "1290"]
[PlyCount "103"]
[EventDate "2023.01.23"]
[EventRounds "10"]
[EventCountry "BRA"]

1. e4 e5 2. Nf3 Nc6 3. Bb5 a6 4. Ba4 Nf6 5. O-O b5 6. Bb3 Bc5 7. d3 h6 8. c3 d6
9. h3 O-O 10. Be3 Bxe3 11. fxe3 Bb7 12. Nbd2 Qd7 13. Bc2 Rfe8 14. d4 a5 15. a4
b4 16. Qe1 Qe7 17. Rd1 b3 18. Bb1 Ba6 19. Rf2 Na7 20. Nxb3 exd4 21. exd4 Nxe4
22. Bxe4 Qxe4 23. Qxe4 Rxe4 24. Nxa5 Be2 25. Rd2 Bxf3 26. Rxf3 d5 27. Nb7 Re1+
28. Kf2 Ra1 29. Nc5 Nc6 30. Rf5 Rd8 31. b4 Ra3 32. Rc2 f6 33. Ne6 Rd7 34. a5
Kf7 35. Nc5 Rd8 36. Rf3 Ke7 37. Re2+ Kf7 38. Rfe3 Rd6 39. Nb7 Rd7 40. Nc5 Rd6
41. Ke1 Kg6 42. Kd2 Ra1 43. Kc2 Rf1 44. a6 Kf7 45. b5 Na7 46. Re7+ Kg6 47. Rxc7
Nxb5 48. Rb7 Na3+ 49. Kb3 Rb1+ 50. Kxa3 Rxa6+ 51. Nxa6 Rxb7 52. Nb4 1-0

[Event "IX Floripa Chess Open Fort Atacadista"]
[Site "Florianópolis - Santa Catari"]
[Date "2023.01.27"]
[Round "7.205"]
[White "Maba, Mateus Dos Passos"]
[Black "Torrico Castro, Raikonen Dairo"]
[Result "0-1"]
[WhiteElo "1690"]
[BlackElo "1286"]
[PlyCount "69"]
[EventDate "2023.01.23"]
[EventRounds "10"]
[EventCountry "BRA"]

1. f4 d5 2. Nf3 e6 3. e3 Nf6 4. b3 c5 5. Bb2 Nc6 6. Bb5 Bd7 7. O-O a6 8. Bxc6
Bxc6 9. Ne5 d4 10. exd4 cxd4 11. Nxc6 bxc6 12. Qf3 Rc8 13. d3 Bc5 14. Nd2 Qd5
15. Rae1 O-O 16. Re5 Qd6 17. Nc4 Qe7 18. f5 Nd5 19. Qg3 g6 20. Bc1 Bd6 21. Nxd6
Qxd6 22. f6 Nb6 23. Qg5 Kh8 24. Rf3 Rfe8 25. Qh6 Qf8 26. Qg5 Qg8 27. Re4 Red8
28. Rh4 Rd5 29. Qh6 Nd7 30. g4 Nf8 31. Qf4 g5 32. Qe4 gxh4 33. Bh6 Qg6 34. Bg7+
Kg8 35. Qe1 0-1

[Event "IX Floripa Chess Open Fort Atacadista"]
[Site "Florianópolis - Santa Catari"]
[Date "2023.01.27"]
[Round "7.206"]
[White "Albiero, Marco Antonio Batis"]
[Black "Lima, Yuri Ramos Santos"]
[Result "1-0"]
[WhiteElo "1621"]
[BlackElo "1284"]
[PlyCount "83"]
[EventDate "2023.01.23"]
[EventRounds "10"]
[EventCountry "BRA"]

1. e4 c5 2. Nf3 d6 3. d4 cxd4 4. Nxd4 Nf6 5. Nc3 a6 6. Be2 e5 7. Nb3 Be6 8. O-O
Be7 9. f4 exf4 10. Bxf4 O-O 11. Qe1 Nc6 12. Qg3 Qc7 13. Kh1 Rad8 14. Rad1 Ne5
15. Nd4 b5 16. a3 Ng6 17. Nf5 Bxf5 18. exf5 Nxf4 19. Qxf4 Qc5 20. Rd3 Qe5 21.
Qd2 Rfe8 22. Rg3 d5 23. Bd3 Bf8 24. Rh3 d4 25. Ne2 Ng4 26. Qg5 Nf6 27. Ng3 Qe3
28. Qh4 Qe5 29. Ne4 Be7 30. Nxf6+ Bxf6 31. Qxh7+ Kf8 32. Qh5 Qc7 33. Qf3 Re3
34. Qg4 Rxh3 35. Qxh3 Kg8 36. Qf3 Re8 37. Kg1 Re3 38. Qa8+ Kh7 39. Qxa6 Be5 40.
h3 Bg3 41. Qxb5 Qe7 42. f6+ 1-0